| 000 | 00842nam a2200265 a 4500 | ||
|---|---|---|---|
| 001 | 23669 | ||
| 003 | BD-RjUL | ||
| 005 | 20211209000946.0 | ||
| 008 | 140311s1969 enkacf b 001 0beng | ||
| 035 | _a(BD-RjUL)23734 | ||
| 040 |
_aLC _beng _cLC _dVSC _dBD-RjUL |
||
| 041 | _aeng | ||
| 082 | 0 | 4 |
_a923.47 _bFEF 1969 |
| 100 | 1 |
_aFeaver, George. _972870 |
|
| 245 | 1 | 0 |
_aFrom status to contract : _ba biography of Sir Henry Maine, 1822-1888 / _cGeorge Feaver. |
| 260 |
_aLondon : _bLongmans, _c1969. |
||
| 300 |
_axx, 366 p., 9 p. plates ; _c23 cm. |
||
| 504 | _aBibliography: p. 331-346. and index. | ||
| 600 | 1 | 0 |
_aMaine, Henry Sumner, _d1822-1888. _972874 |
| 650 | 0 |
_aLawyers _zGreat Britain _xBiography. _972872 |
|
| 651 | 0 |
_aGreat Britain _xPolitics and government. _972873 |
|
| 942 |
_2ddc _cBK |
||
| 999 |
_c23669 _d23669 |
||